Missing Word: Sporcle Alliteration Quiz Stats

 Plays Quiz Updated Jul 31, 2017

Support Sporcle.
Go Orange.
Score 0/30 Timer 06:00
0 Plays Today
Hopefully Helpful Hint Right Reply % Correct
RELIGION
Seven Deadly ____
Sins
98%
SCIENCE
The ___ Bang
Big
97.8%
SPORTS
Ping ____
Pong
97.4%
MUSIC
Hip ___
Hop
97.2%
MUSIC
____ & Roll
Rock
97.1%
HOLIDAY
_____ or Treat
Trick
97.1%
RELIGION
Yin and ____
Yang
97%
GAMING
Tic ___ Toe
Tac
97%
MOVIES
The ____ Panther
Pink
96.9%
MOVIES
Marilyn ______
Monroe
96.7%
MISCELLANEOUS
Coca-____
Cola
96.7%
MISCELLANEOUS
_____-Royce
Rolls
96.2%
TELEVISION
Spongebob ___________
Squarepants
96%
SCIENCE
Amino ____
Acid
94.6%
JUST FOR FUN
She sells _________ by the seashore
Seashells
94.2%
Hopefully Helpful Hint Right Reply % Correct
LITERATURE
_____ and Sensibility
Sense
93.9%
TELEVISION
The ____ Wing
West
93.6%
LANGUAGE
______ Twister
Tongue
93.1%
ENTERTAINMENT
_____ Houdini
Harry
92.3%
GEOGRAPHY
___ of Biscay
Bay
92.2%
GEOGRAPHY
___ Salvador
San
88.6%
ENTERTAINMENT
___ Luthor
Lex
88.2%
HOLIDAY
Day of the ____
Dead
84.8%
SPORTS
_____ Madness
March
84.6%
LANGUAGE
Veni ____ vici
Vidi
76.3%
HISTORY
Winter ___ (1939-1940)
War
75.7%
GAMING
_____ Fantasy
Final
69.1%
LITERATURE
The Pickwick ______
Papers
66.6%
HISTORY
Tippecanoe and _____ Too
Tyler
49.7%
JUST FOR FUN
Antithetical advice:
Always avoid ____________ (!?)
Alliteration
23.7%

Today's Daily Dose

You're not logged in!

Compare scores with friends on all Sporcle quizzes.
OR
Log In
Forgot?

From the Vault

25 Quotes from Quotable Movies

by Flick

Am I the only one around here who knows movie quotes?
Remove Ads.
Support Sporcle.
Get the best of Sporcle when you Go Orange. This ad-free experience offers more features, more stats, and more fun while also helping to support Sporcle. Thank you for becoming a member.

Show Comments

Extras

Top Quizzes Today


Score Distribution

Your Account Isn't Verified!

In order to create a playlist on Sporcle, you need to verify the email address you used during registration. Go to your Sporcle Settings to finish the process.

Report this User

Report this user for behavior that violates our Community Guidelines.

Details: